000 00716nas a2200241Ia 4500
001 dd19-27259 [d000003068]
003 IT-MiCISF
005 20250423151047.0
008 161014c99999999xx |||||||||||| ||und||
040 _aIT-MiCISF
_cIT-MiCISF
041 _ait
100 _aConcetti Gino (et al.)
_962110
245 0 _aLe irregolari: famiglie quasi come quella di Gesù. Anatemi e commenti
250 _a"Adista", n. 58
260 _c1998
300 _app. 3-8
500 _a famiglia, convivenza, chiesa, società
650 _aFamiglia
654 _adossier
700 _aSaldarini G., Serra M., Mazzi E., Baduel A., Politi M., Silvestri G., Cananzi R.
_962111
942 _cCR
_2ddc
999 _c220873
_d220873
999 _bSi